000
00261nam a2200109Ia 4500
999
_c
13205
_d
13205
020
_a
978-1292221410
100
_a
Robbins, Judge, Sanghi
245
0
_a
Essentials Of Organizational Behavior
260
_a
New Delhi
_b
Dorling
_c
2005
300
_a
553
942
_c
BK